000 00658nam a2200229Ia 4500
001 2026
003 GE_BSU
008 181216s||||||||xx |||||||||||||| ||und||
020 _a9789854415543
040 _cGE_BSU
080 _a340.1(075.8)
100 _aДмитрук,В.Н. Круглов,В.А.
245 _aОбщая теория государства и права
245 _bКраткое изложение курса
260 _aМинск
260 _bАмальфея
260 _c2007
300 _a194стр. 19см.
541 _h7л.
653 _aОбщая теория государства и права
942 _cBK
999 _c36126
_d36126